تخطي إلى المحتوى

Статистика сельского хозяйства и методология ее научного исследования учебно-методическое пособие

Учебно-методическое пособие разработано с целью оказания теоретической и практической помощи исследователям в изучении дисциплины «Статистика сельского хозяйства и методология ее научного исследования». Учебно-методическое пособие подготовлено в соответствии с требованиями ФГОС ВО по направлению под...

وصف كامل

محفوظ في:
التفاصيل البيبلوغرافية
المؤلف الرئيسي: Гуляева Т. И.
مؤلفون آخرون: Бураева Е. В.
التنسيق: Книга
اللغة:Russian
منشور في: Орел ОрелГАУ 2016
الوصول للمادة أونلاين:https://e.lanbook.com/book/106927
https://e.lanbook.com/img/cover/book/106927.jpg
الوسوم: إضافة وسم
لا توجد وسوم, كن أول من يضع وسما على هذه التسجيلة!
LEADER 02401nam0a2200241 i 4500
001 106927
003 RuSpLAN
005 20221220174013.0
008 221220s2016 ru gs 000 0 rus
040 |a RuSpLAN 
041 0 |a rus 
044 |a ru 
245 0 0 |a Статистика сельского хозяйства и методология ее научного исследования  |b учебно-методическое пособие  |c Гуляева Т. И.,Бураева Е. В. 
260 |a Орел  |b ОрелГАУ  |c 2016 
300 |a 107 с. 
504 |a Библиогр.: доступна в карточке книги, на сайте ЭБС Лань 
520 8 |a Учебно-методическое пособие разработано с целью оказания теоретической и практической помощи исследователям в изучении дисциплины «Статистика сельского хозяйства и методология ее научного исследования». Учебно-методическое пособие подготовлено в соответствии с требованиями ФГОС ВО по направлению подготовки направление подготовки 38.06.01 Экономика» направленность подготовки 08.00.05 «Экономика и управление народным хозяйством» ДЛЯ изучения дисциплины «Статистика сельского хозяйства и методология ее научного исследования» Учебно-методическое пособие предназначено для исследователей вузов направления подготовки 38.06.01 Экономика, исследователей, изучающих учетно-аналитические дисциплины, преподавателей, научных работников. 
521 8 |a Книга из коллекции ОрелГАУ - Ветеринария и сельское хозяйство 
100 1 |a Гуляева Т. И. 
700 1 |a Бураева Е. В. 
856 4 |u https://e.lanbook.com/book/106927 
856 4 8 |u https://e.lanbook.com/img/cover/book/106927.jpg 
953 |a https://e.lanbook.com/img/cover/book/106927.jpg